01239nam a22003617a 4500003000500000005001700005008004100022010001000063011001000073035001000083040000900093082001600102110000800118245008200126260002300208300002000231590004100251590004100292590004100333590004100374590004200415650003400457650004100491650004300532650003300575700002600608700002800634901000700662942001000669949005500679999001700734952012600751CHAP20220817042232.0971013s1986 r 00010 d a38323 a39295 a43415 cCHAP a631.5bF32f aFAO aLavenis de la culture itinérante en Afrique et les táches des Universites aRome :bFAO,c1986 a254 p.b: ilus. aBATCH-UPDb10c20130110lUCH01h0315 aBATCH-UPDb10c20130110lUCH01h1937 aBATCH-UPDb10c20130409lUCH01h2348 aBATCH-UPDb10c20130913lUCH01h2346 aCONVERSIONb10c20130109lUCH01h132114aAgricultura migratoria.9200414aAgriculturaxAfricazAfrica.917539114aEducación agrícolaxAfrica.93549214aSistemas de cultivo.91067460 aBunting, A. H.9160840 aBunting, Edward.916086 aBK cLIBRO a631.5 F32fbBCcFAOd-99479eFAO1h71011i43415si c38323d38323 00104053708FAOaBCbBCcPP_FAOd2019-12-31fLIBROi127l0o631.5 F32fp-99479r2019-12-31 00:00:00w2019-12-31yLIBRO